| 000 | 02145cam a22003491i 4500 | ||
|---|---|---|---|
| 003 | SA-RiAUC | ||
| 005 | 20250114124158.0 | ||
| 008 | 250112s1995 su o g 00000dara c | ||
| 020 | _a9960785181 | ||
| 040 |
_aSA-JeALM _bara _cSA-RiAUC _dKAC _erda |
||
| 043 | _af-ao--- | ||
| 050 | 4 | _b.A23 1995 | |
| 082 | 0 | 4 |
_a916.7304 _qSA-RiAUC |
| 090 |
_a916.7304 _b ع ب و |
||
| 100 | 1 |
_aالعبودي، محمد بن ناصر، _d1345-1443 هجري _eمؤلف. |
|
| 245 | 1 | 0 |
_aمن أنقولا إلى الرأس الأخضر : _bرحلة وحديث عن الإسلام / _cمحمد بن ناصر العبودي. |
| 250 | _aالطبعة الأولى. | ||
| 264 | 1 |
_aالرياض : _bمحمد بن ناصر بن عبد الرحمن العبودي، _c1995 |
|
| 300 |
_a237 صفحة : _bصور ؛ _c24 سم |
||
| 336 |
_aنص _btxt _2rdacontent _3كتاب |
||
| 337 |
_aبدون وسيط _bn _2rdamedia |
||
| 338 |
_aمجلد _bnc _2rdacarrier |
||
| 500 | _aإهداء من المؤلف محمد بن ناصر العبودي بتاريخ 1419/5/23 هـ | ||
| 520 | _aيتناول كتاب (من أنقولا إلى الرأس الأخضر : رحلة وحديث عن الإسلام) والذي قام بتأليفه (محمد بن ناصر العبودي) ويقع في حوالي (237) صفحة من القطع المتوسط موضوع (رحلة محمد بن ناصر العبودي إلى أنجولا) مستعرضا أبرز المحتويات التالية : القسم الأول : أنقولا، موقع أنقولا، المسلمون في أنقولا، عدد المسلمين، احتياج المسلمين، وماذا عن الدعاة ؟، الطريق إلى أنقولا، مكتب رابطة العالم الإسلامي. | ||
| 600 | 1 | 7 |
_aالعبودي، محمد بن ناصر، _d1345-1443 هجري _xرحلات _zأنجولا _2aucnm |
| 650 | 7 |
_aالمسلمون _zأنجولا _2aucsh |
|
| 650 | 7 |
_aالإسلام _zأنجولا _2aucsh |
|
| 651 | 7 |
_aأنجولا _xوصف ورحلات _2aucsh |
|
| 653 | _aجغرافيا ورحلات. | ||
| 942 |
_2ddc _cBOOK _n0 |
||
| 949 |
_aSA-JeALM _d250112 _umohamedma123 _n1 |
||
| 999 |
_c4779 _d4779 |
||